LIBRARY & INFORMATION CENTRE, KCAET, TAVANUR

ONLINE PUBLIC ACCESS CATALOGUE (OPAC)

All India directory of career options for engineering graduates (Record no. 6324)

MARC details
000 -LEADER
fixed length control field 00413cam a2200169ua 4500
020 ## - INTERNATIONAL STANDARD BOOK NUMBER
ISBN 81 86114 67 x
041 ## - LANGUAGE CODE
Language code of text/sound track or separate title eng
082 ## - DEWEY DECIMAL CLASSIFICATION NUMBER
Classification number 028.7633
Item number
100 ## - MAIN ENTRY--AUTHOR NAME
Personal name Neelamsoni, .
245 ## - TITLE STATEMENT
Title All India directory of career options for engineering graduates
260 ## - PUBLICATION, DISTRIBUTION, ETC. (IMPRINT)
Place of publication :
Name of publisher Neelam soni ,
Year of publication 1999.
300 ## - PHYSICAL DESCRIPTION
Number of Pages 204 ; .
942 ## - ADDED ENTRY ELEMENTS (KOHA)
Koha item type Books
Holdings
Withdrawn status Lost status Damaged status Home library Current library Date acquired Full call number Accession Number Koha item type
      KAUAET   07/04/2012 028.7633 20231 Books
free website counter